000 01352nam a22002417a 4500
999 _c63177
_d63177
003 Ge_BSU
005 20250618153034.0
008 250618s2023 ge ||||| |||| 00| 0 geo d
020 _a9789941342127
041 _ageo
080 _a343.3/7 ს-54
245 _aსისხლის სამართლის კერძო ნაწილი: დანაშაული ადამიანის წინააღმდეგ :
_bწიგნი I. ნაწილი პირველი /
_cავტორები მ. ლეკვეიშვილი, გ. მამულაშვილი, ნ. თოდუა, ნ. გვენეტაძე; რედ. ნ. თოდუა.
250 _aმერვე გამოცემა
264 _a თბილისი:
_bმერიდიანი,
_c2023.
300 _a558 გვ.;
_b21 სმ.
653 _aსისხლის სამართალი
653 _aკერძო ნაწილი
700 _aლეკვეიშვილი, მ.
_eავტორი
_93505
700 _aმამულაშვილი, გ.
_eავტორი
_925458
700 _aთოდუა, ნ.
_eავტორი, რედაქტორი
_99612
700 _aგვენეტაძე, ნ.
_eავტორი
_925459
942 _2udc
_cᲬᲘᲒᲜᲘ